A vezérmotívumok harmóniai, tonális és hangszerelési metamorfózisa, a drámai cselekmény hatására, Richard Wagner "Lohengrin" című operájában
Elmentve itt :
| Szerző: | |
|---|---|
| Testületi szerző: | |
| További közreműködők: | |
| Dokumentumtípus: | Könyv része |
| Megjelent: |
2014
|
| Sorozat: | A Juhász Gyula Pedagógusképző Kar Ének-Zene Tanszékének kiadványai
Giuseppe Verdi - Richard Wagner - Moór Emánuel : tanulmánykötet Nemzetközi Zenei Konferencia |
| Kulcsszavak: | Zenetudomány, Zenetörténet - német - 19. sz., Opera - német - 19. sz. |
| Tárgyszavak: | |
| Online Access: | http://acta.bibl.u-szeged.hu/74263 |
| LEADER | 01286naa a2200253 i 4500 | ||
|---|---|---|---|
| 001 | acta74263 | ||
| 005 | 20260312145732.0 | ||
| 008 | 220216s2014 hu o 100 hun d | ||
| 020 | |a 978-615-5455-01-8 | ||
| 040 | |a SZTE Egyetemi Kiadványok Repozitórium |b hun | ||
| 041 | |a hun | ||
| 100 | 1 | |a Coca Gabriela | |
| 245 | 1 | 2 | |a A vezérmotívumok harmóniai, tonális és hangszerelési metamorfózisa, a drámai cselekmény hatására, Richard Wagner "Lohengrin" című operájában |h [elektronikus dokumentum] / |c Coca Gabriela |
| 260 | |c 2014 | ||
| 300 | |a 46-57 | ||
| 490 | 0 | |a A Juhász Gyula Pedagógusképző Kar Ének-Zene Tanszékének kiadványai | |
| 490 | 0 | |a Giuseppe Verdi - Richard Wagner - Moór Emánuel : tanulmánykötet | |
| 490 | 0 | |a Nemzetközi Zenei Konferencia | |
| 650 | 4 | |a Bölcsészettudományok | |
| 650 | 4 | |a Művészetek (művészetek, művészettörténet, előadóművészetek, zene) | |
| 695 | |a Zenetudomány, Zenetörténet - német - 19. sz., Opera - német - 19. sz. | ||
| 700 | 0 | 1 | |a Wagner Richard |
| 710 | |a Évfordulók nyomában : 200 éve született Giuseppe Verdi és Richard Wagner, 155 éve Hubay Jenő, 150 éve Moór Emánuel (14.) (2013) (Szeged) | ||
| 856 | 4 | 0 | |u http://acta.bibl.u-szeged.hu/74263/1/enek_zene_tanszek_2014_046-057.pdf |z Dokumentum-elérés |